Score 0/66 Timer 15:00
4 Plays Today
Tagline Movie % Correct
There are 3.7 trillion fish in the ocean. They're looking for oneFinding Nemo
75%
One dream. Four Jamaicans. Twenty below zeroCool Runnings
68.4%
For Harry and Lloyd, every day is a no-brainerDumb and Dumber
66%
The classic story about a boy and his motherPsycho
52%
An adventure 65 million years in the makingJurassic Park
48.6%
Work sucksOffice Space
46.1%
Protecting the Earth from the scum of the universe!Men in Black
44.4%
She brought a small town to its feet and a huge corporation to its kneesErin Brockovich
44.3%
The last man on Earth is not aloneI Am Legend
43.1%
If Nancy doesn't wake up screaming, she won't wake up at allA Nightmare on Elm Street
36.6%
The first casualty of war is innocencePlatoon
34.8%
Whoever wins, we loseAlien vs. Predator
32.8%
The mission is a manSaving Private Ryan
31.4%
The true story of a real fakeCatch Me If You Can
28.4%
Eight legs, two fangs, and an attitudeArachnophobia
28.3%
Her life was in their hands. Now her toe is in the mailThe Big Lebowski
28.3%
A romantic comedy. With zombiesShaun of the Dead
28.2%
Just deux it!Hot Shots! Part Deux
28%
Earth. Take a good look. It could be your lastIndependence Day
26.1%
On the air. UnawareThe Truman Show
26%
There can be only oneHighlander
25%
A lively comedy about a guy who isn'tWeekend at Bernie's
24.6%
Earth. It was fun while it lastedArmageddon
24.5%
The list is lifeSchindler's List
24.3%
A lot can happen in the middle of nowhereFargo
23.5%
You'll laugh. You'll cry. You'll hurlWayne's World
23.2%
Vietnam can kill me, but it can't make me careFull Metal Jacket
22.8%
One man's struggle to take it easyFerris Bueller's Day Off
22.3%
Yule crack upChristmas Vacation
20.7%
Does for rock and roll what 'The Sound of Music' did for hillsThis Is Spinal Tap
20.2%
Just because they serve you doesn't mean they like youClerks
19.9%
They're backPoltergeist II: The Other Side
19.7%
A tale of murder, lust, greed, revenge, and seafoodA Fish Called Wanda
19.5%
Tagline Movie % Correct
After a night they can't remember comes a day they'll never forgetDude, Where's My Car?
18.9%
His story will touch you, even though he can'tEdward Scissorhands
18.8%
The longer you wait, the harder it getsThe 40 Year Old Virgin
18.8%
Escape or die fryingChicken Run
17.9%
Reality is a thing of the pastThe Matrix
14.6%
Love is in the hairThere's Something About Mary
13.6%
Trapped in time. Surrounded by evil. Low on gasArmy of Darkness
13.6%
Here they grow againGremlins 2: The New Batch
12.2%
There is no gene for the human spiritGattaca
11.7%
The bitch is backAlien3
10.8%
Be afraid. Be very afraidThe Fly
8.8%
See it with a budDazed and Confused
8.2%
Even a hit man deserves a second shotGrosse Pointe Blank
7.8%
On May 6th ... see Paris die!House of Wax
7.4%
The thing that won't die, in the nightmare that won't endThe Terminator
7.3%
Family isn't a word. It's a sentenceThe Royal Tenenbaums
7.2%
Great trilogies come in threesScary Movie 3
6.5%
Fifty million people watching but no one saw a thingQuiz Show
6.3%
Welcome to the suckJarhead
6%
Oh yes, there will be bloodSaw 2
5.9%
The coast is toastVolcano
5.8%
Daddy's home, and he's not very happyThe Stepfather
4.4%
The first superhero... from New Jersey!The Toxic Avenger
4.1%
From the brother of the director of GhostNaked Gun 33 1/3: The Final Insult
4.1%
Everyone has one special thingBoogie Nights
3.9%
See our family. And feel better about yoursThe Simpsons Movie
2%
War is hell ... but peace is f*#!%!! boringBuffalo Soldiers
1.6%
If at first you don't succeed, lower your standardsTommy Boy
1.6%
Having a wonderful time, wish I were herePostcards from the Edge
1.5%
Does my gluteus maximus look big in this?Gladiatress
1.4%
They're tobacco chewin', gut chompin', cannibal kinfolk from hell!Redneck Zombies
1.4%
This might hurt a littleSicko
1%
Get a grip on yourselfSpanking the Monkey
0.9%

You're not logged in!

Compare scores with friends on all Sporcle quizzes.
OR
Log In

Sporcle TV

Today on Sporcle TV


Watch our educational content, quiz creation guides, and fun videos on Sporcle TV.

Show Comments

Extras

Top Quizzes Today


Score Distribution

Paid Content

Your Account Isn't Verified!

In order to create a playlist on Sporcle, you need to verify the email address you used during registration. Go to your Sporcle Settings to finish the process.

Report this User

Report this user for behavior that violates our Community Guidelines.

Details: